Statistics for Biggest Trading Partners - Portugal

Click here to take the quiz!

General Stats

  • This quiz has been taken 289 times
  • The average score is 20 of 25

Answer Stats

exportsimportscountry% Correct
14.6 bil22.2 bilSpain
100%
2.73 bil0.97 bilUnited States
99%
7.01 bil5.26 bilFrance
98%
3.92 bil2.09 bilUnited Kingdom
98%
6.48 bil9.14 bilGermany
97%
1.92 bil3.71 bilItaly
96%
0.75 bil2.01 bilChina
95%
0.60 bil1.17 bilBrazil
94%
2.07 bil3.45 bilNetherlands
93%
1.35 bil1.91 bilBelgium
92%
1.31 bilRussia
90%
0.64 bil0.81 bilPoland
89%
0.79 bilMorocco
88%
0.53 bil0.76 bilSweden
86%
0.59 bilSwitzerland
86%
0.37 bil0.59 bilIreland
84%
0.58 bilIndia
83%
0.52 bilAlgeria
79%
0.47 bil0.59 bilTurkey
78%
0.37 bilDenmark
74%
1.66 bil0.90 bilAngola
67%
0.52 bilCzechia
60%
0.43 bilRomania
56%
0.51 bilSaudi Arabia
55%
0.50 bilAzerbaijan
4%

Score Distribution

Percentile by Number Answered

Percent of People with Each Score

Your Score History

You have not taken this quiz